| 000 | 00554nam a2200181 a 4500 | ||
|---|---|---|---|
| 001 | 1580 | ||
| 003 | CDMR | ||
| 005 | 20131106111823.0 | ||
| 008 | 130130s2005||||||||||||||||||||||||||||d | ||
| 040 |
_aCDMR _bcat _cCDMR |
||
| 111 | 2 |
_aHumoràlia _cLleida _d2005 _n4ª _91185 |
|
| 245 | 1 | 0 |
_aHumoràlia _b: 4a biennal internacional d'humor de Catalunya : Lleida, del 22 de setembre al 22 d'octubre de 2005 |
| 260 |
_aLleida _cDL 2005 _b[Humoràlia] |
||
| 300 |
_a105 p. _bil. |
||
| 500 | _aCatàleg de l'exposició | ||
| 650 | 0 | 4 |
_92614 _aHumorisme |
| 942 |
_cMON _2udc |
||
| 999 |
_c1580 _d1580 |
||